Matisse y el desnudo

Saved in:
Bibliografiske detaljer
Hovedforfatter: Bowness, Alan (Author)
Format: Bog
Sprog:spansk
Udgivet: Ciudad de México Hermes 1968
Serier:Colección Unesco-Hermes Bolsilibros de Arte
Fag:
Tags: Tilføj Tag
Ingen Tags, Vær først til at tagge denne postø!

MARC

LEADER 00000nam a2200000 a 4500
001 UCO1826
003 CL-VaPUC
008 000519e19680000MX |||||||||||||||||spa|d
082 0 4 |a 759.4  |b BOW  |2 21 
100 0 |a Bowness, Alan  |e author  |9 444354 
245 1 0 |a Matisse y el desnudo 
300 |a 24 p 
942 |c BK 
945 |d 20000519 00:00:00  |a rbrito 
260 |a Ciudad de México  |b Hermes  |c 1968 
600 0 |a Matisse, Henri,  |d 1869-1954  |9 553758 
650 0 |a Pintura francesa  |9 266122 
650 0 |a Pintores franceses   |9 340354 
650 7 |a DESNUDO EN EL ARTE  |2 CL-VaPUC  |9 444355 
651 0 |a Francia  |9 255157 
583 |a last modification  |c 20000519 00:00:00  |k Rodrigo Vera 
490 0 |a Colección Unesco-Hermes Bolsilibros de Arte 
999 |c 288419  |d 288417 
952 |0 0  |1 0  |4 0  |6 759_400000000000000_BOW_1968  |7 0  |8 P  |9 336088  |a BIBARQ  |b BIBARQ  |d 2019-11-20  |i 3620719  |o 759.4 BOW 1968  |p 3620719  |r 2025-01-20  |w 2019-11-20  |y BK  |k ARQ